000 00951pam a2200313 a 4500
008
020 _a0814717829 (hbk.)
049 _aMAIN
090 _aQP341
_bDEU
100 1 _aDeutsch, Sid.
245 1 0 _aNeuroelectric systems /
_cSid Deutsch and Evangelia Micheli-Tzanakou.
260 _aNew York :
_bNew York University Press,
_cc1987.
300 _axlii, 479 p. :
_bill. ;
_c24 cm.
440 0 _aNew York University biomedical engineering series.
504 _aIncludes bibliographies.
500 _aIncludes index.
650 0 _aElectrophysiology.
650 0 _aNeurophysiology.
650 0 _aNervous system.
650 0 _aBrain.
650 2 _aElectrophysiology.
650 2 _aNervous System
_xphysiology.
700 _aMicheli-Tzanakou, Evangelia.
907 _a.b10165551
_b24-01-11
_c20-06-05
003
005 20230120204024.0
040 _cNUST
942 _cBOOKS
_kQP341
_mDEU
999 _c115732
_d115732